| 000 | 01019nas a2200349 4500 | ||
|---|---|---|---|
| 001 | BR0504358 | ||
| 003 | BR-BrBNA | ||
| 005 | 20231205105605.0 | ||
| 007 | ta | ||
| 008 | 230509b bl.|||p| |||| 00| 00por d | ||
| 040 |
_aBR-BrBNA _bpor _cBiblioteca Nacional de Agricultura |
||
| 041 | _a(Pt) | ||
| 072 | _aF02 | ||
| 100 | 1 | _aCastro, C.M. de | |
| 100 | 1 | _aRibeiro, R. de L.D. | |
| 100 | 1 | _aAlmeida, D.L. de | |
| 245 | 1 | _aCaracterização e avaliação de substratos orgânicos para produção de mudas de beterraba | |
| 650 | _aBETERRABA | ||
| 650 | _aMUDA | ||
| 650 | _aCAPIM NAPIER | ||
| 650 | _aSUBSTRATO DE CULTURA | ||
| 650 | _aESTERCO DE GADO | ||
| 650 | _aESTERCO DE GALINHA | ||
| 650 | _aVERMICULITA | ||
| 650 | _aCASCA | ||
| 650 | _aAGRICULTURA ORGÂNICA | ||
| 650 | _aPRODUÇÃO VEGETAL | ||
| 650 | _aRIO DE JANEIRO | ||
| 773 | 0 |
_tAgronomia (Brazil) _xISSN 0365-2718 _g(Aug-Dec 2003), v. 37(2) p. 19-24 _wBR0504358 |
|
| 909 |
_a202311 _bLúcia _c55 _dLúcia Elande |
||
| 942 |
_2AGRIS _n0 _cANA |
||
| 999 |
_c183690 _d183690 |
||